| 000 | 00489nam a2200181Ia 4500 | ||
|---|---|---|---|
| 008 | 240925s9999 xx 000 0 und d | ||
| 020 | _a939151448 | ||
| 082 | _a004.02 WAL | ||
| 100 | _aWalter, Russ | ||
| 245 | 4 | _aThe Secret Guide To Computers | |
| 250 | _a12th | ||
| 260 |
_aMassachusetts: _bRuss Walter _c,1987. |
||
| 300 |
_a287p. _bII _fOriginal |
||
| 500 | _aIncludes Index | ||
| 600 | _aComputer Science | ||
| 650 | _aComputer science, information & general works | ||
| 942 | _cBK | ||
| 999 |
_c3180 _d3180 |
||